00000000cam 2200000zi 4500
0019.963047
003CaOODSP
00520260601172722
006m     o  d f      
007cr mn|||||||||
008260525e1950    oncbd   o    f000 0 eng d
040 |aCaOODSP|beng|erda|cCaOODSP
043 |an-cn-ns
0861 |aFs52-3/427E-PDF
1001 |aDavidson, Viola M., |eauthor.
24510|aFish (salmon) management / |cauthor Davidson, V.M.
24616|aFish (salmon) management 1950
264 1|a[Ottawa] : |bFisheries Research Board of Canada, |c1950.
300 |a1 online resource (70 pages) : |bmaps, graphs.
336 |atext|btxt|2rdacontent
337 |acomputer|bc|2rdamedia
338 |aonline resource|bcr|2rdacarrier
4901 |aManuscript reports of the biological stations ; |vno. 427
500 |aCover title.
500 |aDigitized edition from print [produced by Department of Fisheries and Oceans].
520 |a"Salmon angling in Shubenacadie lake in 1950 collection of results"--Page [1].
650 0|aFish tagging|zNova Scotia.
650 0|aFish surveys|zNova Scotia.
650 6|aPoissons|xMarquage|zNouvelle-Écosse.
650 6|aInventaires ichtyologiques|zNouvelle-Écosse.
7102 |aFisheries Research Board of Canada, |eissuing body.
830#0|aManuscript reports of the biological stations ;|vno. 427.|w(CaOODSP)9.899091
85640|qPDF|s12.5 MB|uhttps://publications.gc.ca/collections/collection_2026/mpo-dfo/fs52-3/Fs52-3-427-eng.pdf